000 nam a22 7a 4500
999 _c10349
_d10349
008 180215b ||||| |||| 00| 0 eng d
100 _aMohan, A
_96309
245 _aMultiskill English Book - VI
260 _aNew Delhi
_bPrachi Publication
_c2013